000 00457nam a2200145 a 4500
001 000029357
005 20200930055511.0
008 110415s2007 dr 000 0 spa d
040 _aDO-SdBNP
_bspa
_cBNPHU
111 2 _aFestival musical de Santo Domingo
_d(2007:
_cSanto Domingo
_n7 de marzo)
_956232
245 1 0 _aPrograma.
260 _aSanto Domingo :
_bTeatro Nacional
_bGrupo León Jimenes,
_c[2007].
300 _a[16] p. :
_bil. ;
_c21 cm.
049 _aBNPD
999 _c28849
_d28849